[Event "Torneo Capablanca 2015 - Grupo Premier"]
[Site "La Habana CUB"]
[Date "2015.06.15"]
[Round "1.1"]
[White "Kunin, Vitaly"]
[Black "Hevia Alejano, Carlos Antonio"]
[Result "1/2-1/2"]
[WhiteElo "2579"]
[BlackElo "2535"]
[PlyCount "81"]
[EventDate "2015.06.15"]
[EventType "tourn"]
[EventRounds "9"]
[EventCountry "CUB"]
[Source "lmi"]
[SourceDate "2015.06.15"]

1. d4 Nf6 2. c4 e6 3. Nf3 d5 4. Nc3 Be7 5. Bg5 h6 6. Bh4 O-O 7. e3 b6 8. Qb3
Bb7 9. Bxf6 Bxf6 10. cxd5 exd5 11. Rd1 c6 12. Be2 Re8 13. O-O Na6 14. Qc2 g6
15. a3 Nc7 16. b4 Ne6 17. Na2 a5 18. Nc1 axb4 19. axb4 Qe7 20. Qb2 c5 21. bxc5
bxc5 22. Nd3 Ba6 23. Nde5 Bxe2 24. Qxe2 cxd4 25. Nc6 Qc5 26. Ncxd4 Bxd4 27.
Nxd4 Nxd4 28. exd4 Qb6 29. Qd2 Kg7 30. Rfe1 Qf6 31. h3 Rxe1+ 32. Qxe1 Ra2 33.
Qe3 h5 34. g3 Kh7 35. h4 Ra6 36. Qb3 Qe6 37. Qf3 Ra2 38. Kf1 Qh3+ 39. Kg1 Qe6
40. Kf1 Qh3+ 41. Kg1 1/2-1/2

[Event "Torneo Capablanca 2015 - Grupo Premier"]
[Site "La Habana CUB"]
[Date "2015.06.15"]
[Round "1.2"]
[White "Quesada Perez, Yuniesky"]
[Black "Duda, Jan-Krzysztof"]
[Result "0-1"]
[WhiteElo "2647"]
[BlackElo "2610"]
[PlyCount "124"]
[EventDate "2015.06.15"]
[EventType "tourn"]
[EventRounds "9"]
[EventCountry "CUB"]
[Source "lmi"]
[SourceDate "2015.06.15"]

1. e4 c5 2. Nf3 d6 3. d4 cxd4 4. Nxd4 Nf6 5. Nc3 a6 6. h3 e6 7. g4 Nfd7 8. Bg2
Be7 9. Be3 Nc6 10. Nce2 Nde5 11. b3 h5 12. gxh5 Rxh5 13. Qd2 Ng6 14. Rg1 Bd7
15. O-O-O Qa5 16. Qxa5 Rxa5 17. a4 Rh5 18. f4 Nh4 19. Bh1 g6 20. Rg3 Rc8 21.
Kb2 b5 22. axb5 axb5 23. Nxc6 Bxc6 24. Nd4 Bd7 25. c3 Bf6 26. Bf2 e5 27. fxe5
Bxe5 28. Rgd3 g5 29. Bg3 Ng6 30. Nf5 Bxf5 31. exf5 Nf4 32. Bxf4 gxf4 33. b4 Ke7
34. Kb3 Rxf5 35. Rc1 Rg5 36. Bf3 Rg3 37. h4 Kf6 38. h5 d5 39. Rf1 Kg5 40. Rf2
Kh6 41. Rf1 Rc4 42. Rf2 Rh3 43. Rf1 d4 44. cxd4 Bd6 45. Ra1 Rxb4+ 46. Kc3 Ra4
47. Rb1 Ra3+ 48. Rb3 Rg3 49. Rxa3 b4+ 50. Kb3 bxa3 51. Rc3 Rh3 52. Ka2 Kg5 53.
Kb3 Rh2 54. Rc6 Rb2+ 55. Kc3 Bb4+ 56. Kc4 Rc2+ 57. Kb3 Rb2+ 58. Kc4 Rc2+ 59.
Kb3 Rxc6 60. Bxc6 Kxh5 61. Bd5 Bd6 62. Bxf7+ Kg4 0-1

[Event "Torneo Capablanca 2015 - Grupo Premier"]
[Site "La Habana CUB"]
[Date "2015.06.15"]
[Round "1.3"]
[White "Cordova, Emilio"]
[Black "Miton, Kamil"]
[Result "0-1"]
[WhiteElo "2609"]
[BlackElo "2604"]
[PlyCount "60"]
[EventDate "2015.06.15"]
[EventType "tourn"]
[EventRounds "9"]
[EventCountry "CUB"]
[Source "lmi"]
[SourceDate "2015.06.15"]

1. c4 Nf6 2. g3 e6 3. Bg2 d5 4. Nf3 dxc4 5. Qa4+ Nbd7 6. Qxc4 c5 7. O-O b6 8.
d4 Bb7 9. Rd1 cxd4 10. Nxd4 Bxg2 11. Kxg2 Qc8 12. Nd2 Bc5 13. b4 Bxd4 14. Qxd4
Qc6+ 15. Kg1 O-O 16. Bb2 a5 17. bxa5 Rxa5 18. Nb3 Ra4 19. Qd3 e5 20. Rac1 Qe6
21. a3 Qh3 22. Qf3 e4 23. Qc3 Rc4 24. Nd2 Rxc3 25. Bxc3 Rc8 26. Nf1 h6 27. Bd4
Rxc1 28. Rxc1 Qh5 29. Rc2 Qd5 30. Bb2 Qb3 0-1

[Event "Torneo Capablanca 2015 - Grupo Premier"]
[Site "La Habana CUB"]
[Date "2015.06.15"]
[Round "1.4"]
[White "Gonzalez Vidal, Yuri"]
[Black "Bacallao Alonso, Yusnel"]
[Result "0-1"]
[WhiteElo "2550"]
[BlackElo "2530"]
[PlyCount "94"]
[EventDate "2015.06.15"]
[EventType "tourn"]
[EventRounds "9"]
[EventCountry "CUB"]
[Source "lmi"]
[SourceDate "2015.06.15"]

1. Nf3 Nf6 2. c4 e6 3. g3 d5 4. Bg2 d4 5. O-O c5 6. e3 Nc6 7. Re1 Bd6 8. exd4
cxd4 9. d3 O-O 10. Na3 h6 11. Nc2 a5 12. b3 e5 13. a3 Bf5 14. c5 Bc7 15. Bb2
Re8 16. b4 a4 17. b5 Na5 18. Nb4 Nb3 19. b6 Bb8 20. c6 Qxb6 21. cxb7 Ra7 22.
Nd2 Nxa1 23. Nc4 Qc7 24. Bxa1 Rxb7 25. Na6 Qc8 26. Nxb8 Rxb8 27. Nd6 Qd7 28.
Nxe8 Rxe8 29. Qd2 Qd6 30. f4 Qxa3 31. fxe5 Ng4 32. Qf4 Rxe5 33. Rf1 Bxd3 34.
Qxf7+ Kh7 35. Bxd4 Qd6 36. Rf4 Re1+ 37. Bf1 Rxf1+ 38. Kg2 Be4+ 39. Kxf1 Qxd4
40. Qf5+ Bxf5 41. Rxd4 Bc2 42. Ke2 a3 43. Rd7 Ne5 44. Ra7 Nc4 45. Ra6 Bb1 46.
h4 h5 47. Kf3 a2 0-1

[Event "Torneo Capablanca 2015 - Grupo Premier"]
[Site "La Habana CUB"]
[Date "2015.06.15"]
[Round "1.5"]
[White "Espinosa Veloz, Ermes"]
[Black "Ortiz Suarez, Isan Reynaldo"]
[Result "0-1"]
[WhiteElo "2504"]
[BlackElo "2572"]
[PlyCount "132"]
[EventDate "2015.06.15"]
[EventType "tourn"]
[EventRounds "9"]
[EventCountry "CUB"]
[Source "lmi"]
[SourceDate "2015.06.15"]

1. e4 c5 2. Nf3 d6 3. d4 cxd4 4. Nxd4 Nf6 5. Nc3 a6 6. h3 e6 7. g4 Nfd7 8. Bg2
Nc6 9. g5 Be7 10. h4 O-O 11. Be3 Nde5 12. Qe2 Nxd4 13. Bxd4 Nc6 14. Be3 b5 15.
f4 Bb7 16. O-O Re8 17. Rad1 Qc7 18. Qf2 Bf8 19. h5 b4 20. Na4 Ne7 21. b3 Qc6
22. Nb6 Rad8 23. Nc4 Ba8 24. Nb6 Bb7 25. Nc4 Ba8 26. Bb6 Rd7 27. Ba5 Qb5 28.
Qb6 Nc6 29. Qxb5 axb5 30. Ne5 dxe5 31. Rxd7 Nxa5 32. f5 Bc6 33. fxe6 fxe6 34.
Rdf7 Nb7 35. Rc7 Nd8 36. Kh2 Bd6 37. Ra7 Bc5 38. Ra6 Rf8 39. Bh3 Rxf1 40. Bxf1
Bxe4 41. Bd3 Bxd3 42. cxd3 g6 43. Kg3 Kf7 44. Kg4 Ke7 45. Ra5 Kd7 46. Rxb5 Kc6
47. Rb8 Kc7 48. Ra8 Be3 49. Ra4 Bc5 50. Ra8 Be3 51. Ra4 Nc6 52. Ra8 e4 53. dxe4
Ne5+ 54. Kh4 Nf3+ 55. Kg4 Ne5+ 56. Kh4 Nf3+ 57. Kg4 Nxg5 58. hxg6 hxg6 59. Rg8
Kd6 60. Rxg6 Ke5 61. Rg8 Nxe4 62. Kf3 Bc5 63. Rg4 Nc3 64. Rg2 Kd5 65. Rc2 e5
66. a3 bxa3 0-1

[Event "Torneo Capablanca 2015 - Grupo Premier"]
[Site "La Habana CUB"]
[Date "2015.06.16"]
[Round "2.1"]
[White "Hevia Alejano, Carlos Antonio"]
[Black "Ortiz Suarez, Isan Reynaldo"]
[Result "1/2-1/2"]
[WhiteElo "2535"]
[BlackElo "2572"]
[PlyCount "156"]
[EventDate "2015.06.15"]
[EventType "tourn"]
[EventRounds "9"]
[EventCountry "CUB"]
[Source "lmi"]
[SourceDate "2015.06.15"]

1. e4 c5 2. Nf3 d6 3. d4 cxd4 4. Nxd4 Nf6 5. Nc3 a6 6. Bg5 e6 7. f4 Qc7 8. Bxf6
gxf6 9. Be2 Nc6 10. Nb3 b5 11. a3 Be7 12. Qd3 O-O 13. O-O Kh8 14. Kh1 Rg8 15.
Bf3 Rb8 16. Nd1 a5 17. Ne3 b4 18. axb4 Nxb4 19. Qd2 Nxc2 20. Nxc2 Rxb3 21. Nd4
Rb4 22. Rfc1 Qb6 23. Nc6 Rxb2 24. Qc3 Rb3 25. Qxa5 Qxa5 26. Nxa5 Rb8 27. Nc6
Rb7 28. e5 fxe5 29. Na7 e4 30. Bxe4 d5 31. Bxd5 exd5 32. Nxc8 Bf6 33. Nd6 Rd7
34. Ra6 d4 35. Rd1 Rb8 36. g4 Kg8 37. Kg2 Bg7 38. Rd3 Rc7 39. Nf5 Rc3 40. Rxc3
dxc3 41. Rc6 h5 42. g5 Rb3 43. h4 Rb5 44. Nxg7 Kxg7 45. Rxc3 Rb2+ 46. Kf3 Rh2
47. Kg3 Ra2 48. f5 Ra4 49. f6+ Kg6 50. Rc8 Ra3+ 51. Kf4 Ra4+ 52. Ke5 Ra5+ 53.
Kd6 Ra6+ 54. Kd5 Ra5+ 55. Rc5 Ra4 56. Rc4 Ra5+ 57. Ke4 Ra1 58. Ke5 Ra5+ 59. Ke4
Ra1 60. Rd4 Ra5 61. Rd8 Ra4+ 62. Ke5 Ra5+ 63. Kd6 Ra6+ 64. Kd7 Ra7+ 65. Kc6 Ra4
66. Rg8+ Kf5 67. Kd6 Rxh4 68. Ke7 Ra4 69. Kxf7 h4 70. Kg7 Kxg5 71. f7 Rf4 72.
Ra8 Rxf7+ 73. Kxf7 h3 74. Ke6 Kf4 75. Ra2 Kg3 76. Kf5 h2 77. Ra1 Kg2 78. Kg4
h1=Q 1/2-1/2

[Event "Torneo Capablanca 2015 - Grupo Premier"]
[Site "La Habana CUB"]
[Date "2015.06.16"]
[Round "2.2"]
[White "Bacallao Alonso, Yusnel"]
[Black "Espinosa Veloz, Ermes"]
[Result "1-0"]
[WhiteElo "2530"]
[BlackElo "2504"]
[PlyCount "67"]
[EventDate "2015.06.15"]
[EventType "tourn"]
[EventRounds "9"]
[EventCountry "CUB"]
[Source "lmi"]
[SourceDate "2015.06.15"]

1. e4 e6 2. d4 d5 3. Nc3 Bb4 4. Nge2 dxe4 5. a3 Be7 6. Nxe4 Nf6 7. Nxf6+ Bxf6
8. Be3 c5 9. c3 cxd4 10. Nxd4 a6 11. Qc2 Nd7 12. Be2 Qc7 13. O-O b6 14. c4 Bb7
15. b4 O-O 16. Rac1 Rfd8 17. Rfd1 Be5 18. h3 Rac8 19. Nf3 Bd6 20. Rd2 Nf6 21.
c5 bxc5 22. bxc5 Bf4 23. Rxd8+ Rxd8 24. c6 Bc8 25. Bxf4 Qxf4 26. c7 Rf8 27. g3
Qd6 28. Qc5 Qd5 29. Ne5 Bb7 30. Bf3 Qxc5 31. Rxc5 Bc8 32. Nc6 Re8 33. Na7 Nd7
34. Nxc8 1-0

[Event "Torneo Capablanca 2015 - Grupo Premier"]
[Site "La Habana CUB"]
[Date "2015.06.16"]
[Round "2.3"]
[White "Miton, Kamil"]
[Black "Gonzalez Vidal, Yuri"]
[Result "1/2-1/2"]
[WhiteElo "2604"]
[BlackElo "2550"]
[PlyCount "48"]
[EventDate "2015.06.15"]
[EventType "tourn"]
[EventRounds "9"]
[EventCountry "CUB"]
[Source "lmi"]
[SourceDate "2015.06.15"]

1. Nf3 Nf6 2. c4 e6 3. g3 d5 4. d4 Bb4+ 5. Bd2 Be7 6. Bg2 O-O 7. O-O c6 8. Qb3
a5 9. a4 Na6 10. Nc3 Nb4 11. Na2 Nxa2 12. Rxa2 Ne4 13. Bf4 g5 14. Bc1 f6 15.
Nd2 Nxd2 16. Bxd2 b6 17. cxd5 cxd5 18. Rc1 Ba6 19. Raa1 Qd6 20. e4 dxe4 21.
Bxe4 Rac8 22. Bf5 Kf7 23. Bg4 Bb7 24. Re1 Bd5 1/2-1/2

[Event "Torneo Capablanca 2015 - Grupo Premier"]
[Site "La Habana CUB"]
[Date "2015.06.16"]
[Round "2.4"]
[White "Duda, Jan-Krzysztof"]
[Black "Cordova, Emilio"]
[Result "1-0"]
[WhiteElo "2610"]
[BlackElo "2609"]
[PlyCount "120"]
[EventDate "2015.06.15"]
[EventType "tourn"]
[EventRounds "9"]
[EventCountry "CUB"]
[Source "lmi"]
[SourceDate "2015.06.15"]

1. e4 c6 2. d4 d5 3. Nc3 dxe4 4. Nxe4 Bf5 5. Ng3 Bg6 6. Nh3 Nf6 7. Nf4 e5 8.
dxe5 Qxd1+ 9. Kxd1 Ng4 10. Nxg6 hxg6 11. Ke2 Nxe5 12. f4 Ng4 13. h3 Nh6 14. Kf3
Nd7 15. Bd3 O-O-O 16. Re1 Bb4 17. c3 Bc5 18. Bc2 Nb6 19. Re5 Nd5 20. Bd2 Bb6
21. Re2 f5 22. Rae1 Nf7 23. Bc1 Rh4 24. Re6 Bc7 25. Ne2 Nh8 26. g3 Rh6 27. Ng1
Bd6 28. h4 Nc7 29. R6e2 Nf7 30. Bb3 Rf8 31. Be3 b6 32. Bd4 Rh7 33. Nh3 c5 34.
Bxf7 cxd4 35. Bxg6 Rh6 36. h5 dxc3 37. bxc3 Rf6 38. Ng5 Rhxg6 39. hxg6 Rxg6 40.
Ne6 Nb5 41. Nd4 Nxd4+ 42. cxd4 Kd7 43. d5 Rh6 44. Re6 Rh8 45. Rg6 Rg8 46. Rh1
Bc5 47. Rh5 Rf8 48. Rxg7+ Kd6 49. Rxa7 Bd4 50. Rah7 Kxd5 51. g4 Ra8 52. Rxf5+
Kc4 53. Rc7+ Bc5 54. g5 Ra3+ 55. Kg4 Rxa2 56. g6 Rg2+ 57. Kh5 Rh2+ 58. Kg5 Kd3
59. Rfxc5 bxc5 60. Rxc5 Kd4 1-0

[Event "Torneo Capablanca 2015 - Grupo Premier"]
[Site "La Habana CUB"]
[Date "2015.06.16"]
[Round "2.5"]
[White "Kunin, Vitaly"]
[Black "Quesada Perez, Yuniesky"]
[Result "1-0"]
[WhiteElo "2579"]
[BlackElo "2647"]
[PlyCount "105"]
[EventDate "2015.06.15"]
[EventType "tourn"]
[EventRounds "9"]
[EventCountry "CUB"]
[Source "lmi"]
[SourceDate "2015.06.15"]

1. d4 Nf6 2. Nf3 e6 3. g3 b6 4. Bg2 Bb7 5. c4 Be7 6. O-O O-O 7. Nc3 Ne4 8. Qc2
Nxc3 9. Qxc3 c5 10. Bf4 d6 11. Rad1 Nd7 12. dxc5 Nxc5 13. b4 Ne4 14. Qd3 Qc8
15. Nd4 Nf6 16. b5 d5 17. Rc1 Bc5 18. cxd5 Nxd5 19. Bxd5 Bxd5 20. e4 Bb7 21.
Nb3 f5 22. Nxc5 bxc5 23. Qe3 c4 24. Qe2 Qe8 25. a4 Bxe4 26. Rxc4 e5 27. Bc1 Rd8
28. Rc7 Rf7 29. Rxf7 Qxf7 30. Bb2 Bd3 31. Rd1 Qb3 32. Qd2 Qxa4 33. Bxe5 Rd7 34.
Qc1 Qxb5 35. Qc8+ Kf7 36. Ba1 h6 37. h4 f4 38. Qh8 Kg6 39. g4 h5 40. Re1 hxg4
41. Re6+ Kf5 42. Re5+ Qxe5 43. Qh5+ Ke4 44. Qxe5+ Kf3 45. Qc3 Rd5 46. Bb2 g3
47. fxg3 fxg3 48. Bc1 a5 49. Qb3 Ke4 50. Kg2 g6 51. Kxg3 Ke5 52. Qb6 Rd7 53.
Qc6 1-0

[Event "Torneo Capablanca 2015 - Grupo Premier"]
[Site "La Habana CUB"]
[Date "2015.06.17"]
[Round "3.1"]
[White "Quesada Perez, Yuniesky"]
[Black "Hevia Alejano, Carlos Antonio"]
[Result "1/2-1/2"]
[WhiteElo "2647"]
[BlackElo "2535"]
[PlyCount "81"]
[EventDate "2015.06.15"]
[EventType "tourn"]
[EventRounds "9"]
[EventCountry "CUB"]
[EventCategory "13"]
[Source "lmi"]
[SourceDate "2015.06.15"]

1. e4 e6 2. d4 d5 3. Nc3 Bb4 4. e5 c5 5. a3 Bxc3+ 6. bxc3 Ne7 7. h4 Qc7 8. Nf3
Bd7 9. h5 h6 10. a4 Nbc6 11. Qd2 O-O 12. Ba3 b6 13. dxc5 Nxe5 14. cxb6 Nxf3+
15. gxf3 Qe5+ 16. Be2 Rfe8 17. Bxe7 Rxe7 18. bxa7 Bc6 19. Qe3 Qxe3 20. fxe3
Rexa7 21. Rh4 Kf8 22. Kd2 Ke7 23. Rg1 Rxa4 24. Rxa4 Rxa4 25. Rxg7 Rh4 26. f4
Rh2 27. Ke1 Ba4 28. c4 dxc4 29. Bxc4 Bxc2 30. Be2 Kf6 31. Rg8 Kf5 32. Rc8 Bb3
33. Bd3+ Kf6 34. Rc3 Rh1+ 35. Kd2 Rh2+ 36. Ke1 Ba2 37. Rc5 Bb1 38. Bxb1 Rh1+
39. Kf2 Rxb1 40. Kf3 Rd1 41. e4 1/2-1/2

[Event "Torneo Capablanca 2015 - Grupo Premier"]
[Site "La Habana CUB"]
[Date "2015.06.17"]
[Round "3.2"]
[White "Cordova, Emilio"]
[Black "Kunin, Vitaly"]
[Result "1/2-1/2"]
[WhiteElo "2609"]
[BlackElo "2579"]
[PlyCount "79"]
[EventDate "2015.06.15"]
[EventType "tourn"]
[EventRounds "9"]
[EventCountry "CUB"]
[EventCategory "13"]
[Source "lmi"]
[SourceDate "2015.06.15"]

1. d4 d5 2. c4 dxc4 3. Nf3 Nf6 4. e3 e6 5. Bxc4 a6 6. Bb3 c5 7. O-O cxd4 8.
exd4 Be7 9. Nc3 O-O 10. Re1 Nc6 11. a3 b5 12. Bg5 Bb7 13. Qd3 Rc8 14. Bc2 g6
15. h4 Re8 16. Rad1 Na5 17. Ne5 Nc4 18. Nxc4 Rxc4 19. Bb3 Rc8 20. Qd2 Bd5 21.
Nxd5 Nxd5 22. Bxe7 Rxe7 23. h5 Rd7 24. Re5 Qf6 25. Bxd5 Rxd5 26. Rxd5 exd5 27.
Re1 Qc6 28. h6 Re8 29. Rxe8+ Qxe8 30. Qg5 Qf8 31. Qxd5 Qxh6 32. Qc5 Qd2 33. d5
Qd1+ 34. Kh2 Qh5+ 35. Kg3 Qe5+ 36. f4 Qe1+ 37. Kf3 Qf1+ 38. Kg3 Qe1+ 39. Kf3
Qf1+ 40. Ke4 1/2-1/2

[Event "Torneo Capablanca 2015 - Grupo Premier"]
[Site "La Habana CUB"]
[Date "2015.06.17"]
[Round "3.3"]
[White "Gonzalez Vidal, Yuri"]
[Black "Duda, Jan-Krzysztof"]
[Result "1/2-1/2"]
[WhiteElo "2550"]
[BlackElo "2610"]
[PlyCount "107"]
[EventDate "2015.06.15"]
[EventType "tourn"]
[EventRounds "9"]
[EventCountry "CUB"]
[EventCategory "13"]
[Source "lmi"]
[SourceDate "2015.06.15"]

1. Nf3 d5 2. c4 d4 3. g3 Nc6 4. Bg2 e5 5. d3 Nf6 6. O-O a5 7. e3 dxe3 8. Bxe3
Be7 9. Nc3 O-O 10. h3 Bf5 11. d4 exd4 12. Nxd4 Nxd4 13. Qxd4 c6 14. Qf4 Be6 15.
Rfd1 Qb8 16. Na4 Nd7 17. Qe4 Re8 18. Qc2 Qe5 19. Bf4 Qf6 20. c5 Ne5 21. Qc3 Ng6
22. Bd6 h5 23. h4 Bg4 24. Rd2 Rad8 25. f3 Bf5 26. Rad1 Qe6 27. Nb6 Bh3 28. Qb3
Qf5 29. Nc4 Bxd6 30. Nxd6 Qxc5+ 31. Kh2 Rxd6 32. Rxd6 Bxg2 33. Rd8 Qf8 34. Rxe8
Qxe8 35. Kxg2 Qe2+ 36. Kg1 Ne5 37. Rf1 Nd3 38. Qd1 Qe3+ 39. Kg2 g6 40. b3 b5
41. f4 f5 42. Kh2 Nf2 43. Qe1 Ng4+ 44. Kh3 Qd3 45. Qe8+ Kg7 46. Qe7+ Kg8 47.
Qe8+ Kg7 48. Re1 Nf2+ 49. Kg2 Ne4 50. Qe7+ Kg8 51. Qe8+ Kg7 52. Qe7+ Kg8 53.
Qe8+ Kg7 54. Qe7+ 1/2-1/2

[Event "Torneo Capablanca 2015 - Grupo Premier"]
[Site "La Habana CUB"]
[Date "2015.06.17"]
[Round "3.4"]
[White "Espinosa Veloz, Ermes"]
[Black "Miton, Kamil"]
[Result "1/2-1/2"]
[WhiteElo "2504"]
[BlackElo "2604"]
[PlyCount "65"]
[EventDate "2015.06.15"]
[EventType "tourn"]
[EventRounds "9"]
[EventCountry "CUB"]
[EventCategory "13"]
[Source "lmi"]
[SourceDate "2015.06.15"]

1. e4 e5 2. Nf3 Nc6 3. Bb5 a6 4. Ba4 Nf6 5. O-O Be7 6. d3 b5 7. Bb3 d6 8. a4
Bg4 9. c3 O-O 10. h3 Bd7 11. Bc2 Re8 12. Nbd2 Bf8 13. Re1 g6 14. d4 Bg7 15.
dxe5 Nxe5 16. Nxe5 Rxe5 17. Nf3 Re7 18. Bf4 Qe8 19. axb5 axb5 20. Rxa8 Qxa8 21.
e5 dxe5 22. Rxe5 Rxe5 23. Bxe5 Qc8 24. b4 Ne8 25. Qd4 Bxe5 26. Nxe5 Nd6 27. Bb3
Bf5 28. Bd5 Qe8 29. Bc6 Qe7 30. Qc5 Qg5 31. Bxb5 Nxb5 32. Qxb5 Qc1+ 33. Kh2
1/2-1/2

[Event "Torneo Capablanca 2015 - Grupo Premier"]
[Site "La Habana CUB"]
[Date "2015.06.17"]
[Round "3.5"]
[White "Ortiz Suarez, Isan Reynaldo"]
[Black "Bacallao Alonso, Yusnel"]
[Result "1/2-1/2"]
[WhiteElo "2572"]
[BlackElo "2530"]
[PlyCount "139"]
[EventDate "2015.06.15"]
[EventType "tourn"]
[EventRounds "9"]
[EventCountry "CUB"]
[EventCategory "13"]
[Source "lmi"]
[SourceDate "2015.06.15"]

1. e4 c6 2. d4 d5 3. e5 Bf5 4. Nf3 e6 5. Be2 Nd7 6. O-O Ne7 7. Nbd2 Nc8 8. c3
Be7 9. Nb3 O-O 10. Ne1 Ncb6 11. Na5 Qc7 12. b4 f6 13. exf6 Nxf6 14. Be3 Nbd7
15. Nd3 Bd6 16. f4 g5 17. Kh1 Bxd3 18. Bxd3 gxf4 19. Bg1 Rae8 20. Nb3 e5 21.
dxe5 Nxe5 22. Nd4 Ne4 23. Bxe4 dxe4 24. Qb3+ Kg7 25. Ne6+ Rxe6 26. Qxe6 e3 27.
a3 Rf6 28. Qa2 Qf7 29. g3 Nc4 30. gxf4 Rg6 31. Rad1 Qe6 32. Qe2 Nd2 33. Qd3 Qg4
34. Rxd2 exd2 35. Qxd2 Qf5 36. Bd4+ Kf7 37. Qe2 a6 38. Be5 Be7 39. a4 b5 40.
axb5 cxb5 41. Qf3 Bf8 42. Rd1 Be7 43. Re1 Rh6 44. Bd4 Re6 45. Rxe6 Kxe6 46. Kg2
Qg6+ 47. Kf1 Qb1+ 48. Kf2 Qc2+ 49. Kg3 Qg6+ 50. Qg4+ Qf5 51. Be5 h5 52. Qg8+
Kd7 53. Qd5+ Ke8 54. h3 Qg6+ 55. Kf3 Qf5 56. Qg8+ Kd7 57. Qg2 Qd3+ 58. Kf2 Qd2+
59. Kg1 Qe3+ 60. Kh2 Qd3 61. Bd4 Bd6 62. Qb7+ Ke8 63. Qc6+ Ke7 64. Qb7+ Ke8 65.
Qc8+ Ke7 66. Qb7+ Ke8 67. Qc6+ Ke7 68. Qb7+ Ke8 69. Qc8+ Ke7 70. Qb7+ 1/2-1/2

[Event "Torneo Capablanca 2015 - Grupo Premier"]
[Site "La Habana CUB"]
[Date "2015.06.18"]
[Round "4.1"]
[White "Hevia Alejano, Carlos Antonio"]
[Black "Bacallao Alonso, Yusnel"]
[Result "1-0"]
[WhiteElo "2535"]
[BlackElo "2530"]
[PlyCount "99"]
[EventDate "2015.06.15"]
[EventType "tourn"]
[EventRounds "9"]
[EventCountry "CUB"]
[EventCategory "13"]
[Source "lmi"]
[SourceDate "2015.06.15"]

1. e4 c6 2. d4 d5 3. e5 Bf5 4. Nf3 e6 5. Be2 c5 6. Be3 cxd4 7. Nxd4 Ne7 8. O-O
Nbc6 9. Bb5 Bg6 10. c4 a6 11. Ba4 dxc4 12. Na3 Bd3 13. Rc1 Bxf1 14. Qxf1 Rc8
15. Qxc4 Qd7 16. b4 Ng6 17. Nxc6 bxc6 18. f4 Be7 19. Bxc6 Rxc6 20. Qxc6 Qxc6
21. Rxc6 Bxb4 22. Rxa6 O-O 23. Nc2 Be7 24. Kf2 Rb8 25. a4 Rb2 26. Rc6 Ra2 27.
Rc4 f6 28. exf6 Bxf6 29. Ke2 h5 30. Kd3 e5 31. f5 Nh4 32. Kc3 Nxf5 33. Bc1 Nd4
34. Rxd4 exd4+ 35. Kb3 Rxc2 36. Kxc2 Kf7 37. a5 Bd8 38. a6 Bb6 39. Kd3 Ke6 40.
Ke4 Kd6 41. Bb2 Kc6 42. Bxd4 Bc7 43. h3 g6 44. Be3 Bd6 45. a7 Kb7 46. Kd5 Be7
47. Ke6 Bd8 48. g3 g5 49. Kf5 g4 50. h4 1-0

[Event "Torneo Capablanca 2015 - Grupo Premier"]
[Site "La Habana CUB"]
[Date "2015.06.18"]
[Round "4.2"]
[White "Miton, Kamil"]
[Black "Ortiz Suarez, Isan Reynaldo"]
[Result "1/2-1/2"]
[WhiteElo "2604"]
[BlackElo "2572"]
[PlyCount "70"]
[EventDate "2015.06.15"]
[EventType "tourn"]
[EventRounds "9"]
[EventCountry "CUB"]
[EventCategory "13"]
[Source "lmi"]
[SourceDate "2015.06.15"]

1. d4 Nf6 2. c4 e6 3. g3 c5 4. Nf3 cxd4 5. Nxd4 d5 6. Bg2 e5 7. Nf3 d4 8. O-O
Nc6 9. e3 Be7 10. exd4 exd4 11. b4 Nxb4 12. Nxd4 O-O 13. Bb2 Qb6 14. Nd2 Rd8
15. N2b3 Bf8 16. Qf3 Ng4 17. Rfe1 Qg6 18. Rad1 Ne5 19. Qe2 Re8 20. Be4 Bg4 21.
Bxg6 Bxe2 22. Bxf7+ Kxf7 23. Rxe2 Nxc4 24. Bc3 Rxe2 25. Nxe2 Nxa2 26. Rd7+ Kg8
27. Rxb7 Nxc3 28. Nxc3 a5 29. Na4 Rd8 30. Kg2 Rd5 31. Rc7 Rb5 32. Nd4 Rb4 33.
Nc3 Nb6 34. Ne6 a4 35. Ra7 Rc4 1/2-1/2

[Event "Torneo Capablanca 2015 - Grupo Premier"]
[Site "La Habana CUB"]
[Date "2015.06.18"]
[Round "4.3"]
[White "Duda, Jan-Krzysztof"]
[Black "Espinosa Veloz, Ermes"]
[Result "0-1"]
[WhiteElo "2610"]
[BlackElo "2504"]
[PlyCount "72"]
[EventDate "2015.06.15"]
[EventType "tourn"]
[EventRounds "9"]
[EventCountry "CUB"]
[EventCategory "13"]
[Source "lmi"]
[SourceDate "2015.06.15"]

1. e4 e6 2. d4 d5 3. Nc3 Bb4 4. e5 c5 5. a3 Bxc3+ 6. bxc3 Ne7 7. Qg4 cxd4 8.
Qxg7 Rg8 9. Qxh7 Qc7 10. Ne2 Nbc6 11. f4 dxc3 12. h4 d4 13. h5 Bd7 14. h6 O-O-O
15. Qd3 Kb8 16. Rb1 Bc8 17. h7 Rh8 18. Ng3 f6 19. exf6 Nd5 20. Rh6 e5 21. Rb5
exf4 22. Rxd5 Rxd5 23. Qf3 fxg3 24. Qxd5 Re8+ 25. Be2 Qb6 26. Rh1 Qb1 27. Qg5
Qxc2 28. Qxg3+ Ka8 29. Kf2 Rxe2+ 30. Kg1 Qxc1+ 31. Kh2 Qh6+ 32. Kg1 c2 33. Rh4
c1=Q+ 34. Kh2 Re1 35. Qxe1 Qcf4+ 36. g3 Qhxh4+ 0-1

[Event "Torneo Capablanca 2015 - Grupo Premier"]
[Site "La Habana CUB"]
[Date "2015.06.18"]
[Round "4.4"]
[White "Kunin, Vitaly"]
[Black "Gonzalez Vidal, Yuri"]
[Result "1/2-1/2"]
[WhiteElo "2579"]
[BlackElo "2550"]
[PlyCount "83"]
[EventDate "2015.06.15"]
[EventType "tourn"]
[EventRounds "9"]
[EventCountry "CUB"]
[EventCategory "13"]
[Source "lmi"]
[SourceDate "2015.06.15"]

1. d4 Nf6 2. c4 e6 3. Nf3 d5 4. Nc3 Bb4 5. cxd5 exd5 6. Qa4+ Nc6 7. Bg5 h6 8.
Bxf6 Qxf6 9. e3 O-O 10. Be2 Be6 11. O-O a6 12. Rfc1 Bd6 13. a3 Ne7 14. Qd1 g5
15. g3 Qg7 16. e4 dxe4 17. Nxe4 Bd5 18. Nxd6 cxd6 19. Bc4 Bc6 20. Bf1 Rac8 21.
Bg2 Bd5 22. Rxc8 Rxc8 23. Rc1 Rxc1 24. Qxc1 Qf6 25. Qc3 Nc6 26. h3 Kg7 27. Qd3
b5 28. Nd2 Bxg2 29. Kxg2 Nxd4 30. Ne4 Qe5 31. f4 gxf4 32. gxf4 Qd5 33. Kf2 f5
34. Nxd6 Qxd6 35. Ke3 Qe6+ 36. Kxd4 Qf6+ 37. Kc5 Qxb2 38. Qd7+ Kg6 39. Qe6+ Kg7
40. Qe7+ Kg6 41. Qe8+ Kg7 42. Qe7+ 1/2-1/2

[Event "Torneo Capablanca 2015 - Grupo Premier"]
[Site "La Habana CUB"]
[Date "2015.06.18"]
[Round "4.5"]
[White "Quesada Perez, Yuniesky"]
[Black "Cordova, Emilio"]
[Result "1/2-1/2"]
[WhiteElo "2647"]
[BlackElo "2609"]
[PlyCount "135"]
[EventDate "2015.06.15"]
[EventType "tourn"]
[EventRounds "9"]
[EventCountry "CUB"]
[EventCategory "13"]
[Source "lmi"]
[SourceDate "2015.06.15"]

1. e4 c5 2. Nf3 Nc6 3. Bb5 g6 4. Bxc6 dxc6 5. d3 Bg7 6. h3 Nh6 7. a3 b6 8. O-O
O-O 9. Nbd2 a5 10. Nc4 b5 11. Ncd2 a4 12. Re1 f5 13. exf5 Bxf5 14. Ne4 Qd5 15.
Qe2 b4 16. Bd2 Nf7 17. c4 bxc3 18. Bxc3 e5 19. Qe3 Nd8 20. Nxc5 Bxh3 21. Nh4
Rf4 22. Qxh3 Qxc5 23. Nf3 Nf7 24. Qe6 Qd5 25. Qxd5 cxd5 26. Rac1 Rf5 27. Bb4
Rb8 28. Rc2 Bf8 29. Bxf8 Kxf8 30. Ree2 Rb3 31. Rc3 Rxc3 32. bxc3 Rf6 33. Rb2 g5
34. Rb4 Rf4 35. d4 exd4 36. Nxd4 Re4 37. Rxa4 Re1+ 38. Kh2 Rc1 39. Ra8+ Kg7 40.
Nf5+ Kf6 41. Ne3 Ke6 42. Ra6+ Nd6 43. g4 Ke5 44. Ra5 Ke6 45. Rxd5 Rxc3 46. Ra5
Rd3 47. Kg2 Ne4 48. Kf3 Nf6 49. Ke2 Rb3 50. Rxg5 Rxa3 51. Rb5 Ra4 52. Kf3 Kf7
53. Rb6 Ne4 54. Rc6 Nf6 55. Nc4 h6 56. Kf4 Nd5+ 57. Ke5 Nb4 58. Rc7+ Kg6 59.
Ke4 h5 60. Ne5+ Kf6 61. Rc4 hxg4 62. Nxg4+ Ke7 63. Kf5 Ra5+ 64. Kg6 Nd5 65.
Re4+ Kd6 66. Nf6 Ra2 67. Nxd5 Rxf2 68. Nf4 1/2-1/2